[Event "38. Open Ciudad de San Sebastián"]
[Site "San Sebastián ESP"]
[Date "2015.03.30"]
[Round "4.22"]
[White "Cao Armillas, Jesus"]
[Black "Arana Garate, Jon"]
[Result "1-0"]
[WhiteElo "2113"]
[BlackElo "1859"]
[PlyCount "92"]
[EventDate "2015.03.28"]
[EventType "swiss"]
[EventRounds "9"]
[EventCountry "ESP"]
[Source "lmi"]
[SourceDate "2015.03.28"]

1. d4 d5 2. c4 Nf6 3. cxd5 Nxd5 4. Nf3 g6 5. e4 Nf6 6. Nc3 Bg7 7. Be2 O-O 8.
O-O c6 9. h3 Qc7 10. Be3 Nbd7 11. Rc1 Qa5 12. Qd2 e5 13. Rfd1 exd4 14. Bxd4 c5
15. Be3 Re8 16. Bg5 h6 17. Bxf6 Nxf6 18. Bb5 Rf8 19. e5 Ne4 20. Nxe4 Qxb5 21.
Rxc5 Qa4 22. Nc3 Qb4 23. Rb5 Qc4 24. b3 Qc6 25. Nd4 Qe8 26. f4 a6 27. Rb6 Qd8
28. Rd6 Qe7 29. Nd5 Qh4 30. Nf3 Qg3 31. Qf2 Qxf2+ 32. Kxf2 Bf5 33. Ne7+ Kh7 34.
Nxf5 gxf5 35. Nd4 Rac8 36. Rd2 f6 37. Ne6 Rf7 38. Rd7 Kg8 39. Nxg7 Kxg7 40. e6
Rxd7 41. Rxd7+ Kg6 42. Rxb7 Rc2+ 43. Ke3 Rxa2 44. Rb8 Ra1 45. Kd2 Ra2+ 46. Kd3
Ra1 1-0

[Event "38. Open Ciudad de San Sebastián"]
[Site "San Sebastián ESP"]
[Date "2015.03.30"]
[Round "4.23"]
[White "Buiza Prieto, Eihartze"]
[Black "Calleja Morales, Daniel"]
[Result "1-0"]
[WhiteElo "2107"]
[BlackElo "1759"]
[PlyCount "39"]
[EventDate "2015.03.28"]
[EventType "swiss"]
[EventRounds "9"]
[EventCountry "ESP"]
[Source "lmi"]
[SourceDate "2015.03.28"]

1. e4 c5 2. b3 Nc6 3. Bb2 d6 4. Bb5 e5 5. Ne2 Nf6 6. Bxc6+ bxc6 7. d3 Be6 8.
Nd2 Be7 9. O-O O-O 10. h3 Qd7 11. f4 Bxh3 12. gxh3 Qxh3 13. Rf3 Qh4 14. Qe1
Qxe1+ 15. Rxe1 exf4 16. Nxf4 g5 17. Ne2 g4 18. Rxf6 Bxf6 19. Bxf6 Rae8 20. Nf4
1-0

[Event "38. Open Ciudad de San Sebastián"]
[Site "San Sebastián ESP"]
[Date "2015.03.30"]
[Round "4.27"]
[White "Baquedano Coarasa, Pablo"]
[Black "Lopez De Turiso, Jose Angel"]
[Result "0-1"]
[WhiteElo "1781"]
[BlackElo "2046"]
[PlyCount "76"]
[EventDate "2015.03.28"]
[EventType "swiss"]
[EventRounds "9"]
[EventCountry "ESP"]
[Source "lmi"]
[SourceDate "2015.03.28"]

1. d4 Nf6 2. Nf3 d6 3. c4 e5 4. dxe5 Ne4 5. Nbd2 Bf5 6. Nxe4 Bxe4 7. Ng5 Bc6 8.
e6 fxe6 9. Nxe6 Qe7 10. Nxf8 Rxf8 11. e3 Nd7 12. Qe2 Ne5 13. f4 Qh4+ 14. Qf2
Qxf2+ 15. Kxf2 O-O-O 16. Be2 Rde8 17. Re1 g5 18. Kg1 gxf4 19. exf4 Rg8 20. g3
Nf3+ 21. Bxf3 Rxe1+ 22. Kf2 Rge8 23. Bh5 R8e7 24. f5 Rh1 25. f6 Ree1 26. g4
Ref1+ 27. Ke2 Rxf6 28. g5 Rff1 29. Bg4+ Bd7 30. Bxd7+ Kxd7 31. Kd2 Rxh2+ 32.
Kc3 c5 33. Kd3 Rhh1 34. Kc2 Ke6 35. b3 Kf5 36. a4 Ke4 37. a5 Rh2+ 38. Kc3 Rf3+
0-1

[Event "38. Open Ciudad de San Sebastián"]
[Site "San Sebastián ESP"]
[Date "2015.03.30"]
[Round "4.30"]
[White "Fuente San Sebastian, Ernesto"]
[Black "Henderson De La Fuente, Lance"]
[Result "1/2-1/2"]
[WhiteElo "1842"]
[BlackElo "2162"]
[PlyCount "48"]
[EventDate "2015.03.28"]
[EventType "swiss"]
[EventRounds "9"]
[EventCountry "ESP"]
[Source "lmi"]
[SourceDate "2015.03.28"]

1. c4 e5 2. Nc3 Nc6 3. e3 g6 4. d4 d6 5. d5 Nce7 6. e4 Bg7 7. Bd3 Nf6 8. Nge2
O-O 9. O-O Nd7 10. f4 exf4 11. Bxf4 Ne5 12. Rc1 a5 13. b3 c6 14. Kh1 h6 15. Qd2
g5 16. Bg3 N7g6 17. Nd1 h5 18. Ne3 h4 19. Bxe5 Bxe5 20. Nf5 c5 21. Nh6+ Kg7 22.
Nf5+ Kg8 23. Nh6+ Kg7 24. Nf5+ Kg8 1/2-1/2

[Event "38. Open Ciudad de San Sebastián"]
[Site "San Sebastián ESP"]
[Date "2015.03.30"]
[Round "4.31"]
[White "Sacristan Latorre, Alberto"]
[Black "Orube Bona, Andoni"]
[Result "1-0"]
[WhiteElo "2021"]
[BlackElo "1814"]
[PlyCount "45"]
[EventDate "2015.03.28"]
[EventType "swiss"]
[EventRounds "9"]
[EventCountry "ESP"]
[Source "lmi"]
[SourceDate "2015.03.28"]

1. e4 c5 2. c3 g6 3. d4 cxd4 4. cxd4 d5 5. e5 Nc6 6. Nc3 Nh6 7. h3 Bg7 8. g4
O-O 9. Be3 f6 10. exf6 exf6 11. Qd2 Nf7 12. Bg2 Be6 13. Nge2 Ne7 14. Nf4 Qd7
15. O-O Ng5 16. Nd3 b6 17. Rfe1 Bf7 18. Bxg5 fxg5 19. Qxg5 Rae8 20. Ne5 Bxe5
21. Rxe5 Nc6 22. Rxe8 Rxe8 23. Nxd5 1-0

[Event "38. Open Ciudad de San Sebastián"]
[Site "San Sebastián ESP"]
[Date "2015.03.30"]
[Round "4.32"]
[White "Puga Senar, Fernando"]
[Black "Felizes, Paulo"]
[Result "0-1"]
[WhiteElo "1796"]
[BlackElo "2017"]
[PlyCount "32"]
[EventDate "2015.03.28"]
[EventType "swiss"]
[EventRounds "9"]
[EventCountry "ESP"]
[Source "lmi"]
[SourceDate "2015.03.28"]

1. d4 d5 2. c4 Nc6 3. cxd5 Qxd5 4. Nf3 e5 5. Nc3 Bb4 6. Bd2 Bxc3 7. Bxc3 e4 8.
Ne5 Nxe5 9. dxe5 Qxd1+ 10. Rxd1 Be6 11. b3 Ne7 12. e3 Nd5 13. Bb2 Nb4 14. Rc1
O-O-O 15. Bc4 Bxc4 16. Ba3 Nd3+ 0-1

[Event "38. Open Ciudad de San Sebastián"]
[Site "San Sebastián ESP"]
[Date "2015.03.30"]
[Round "4.34"]
[White "Erice Alonso, Santiago"]
[Black "Alfaro Garcia Del Cerro, Juan"]
[Result "1-0"]
[WhiteElo "1999"]
[BlackElo "1802"]
[PlyCount "60"]
[EventDate "2015.03.28"]
[EventType "swiss"]
[EventRounds "9"]
[EventCountry "ESP"]
[Source "lmi"]
[SourceDate "2015.03.28"]

1. e4 c5 2. Nf3 d6 3. Bb5+ Bd7 4. Bxd7+ Qxd7 5. O-O Nc6 6. c3 Nf6 7. d4 cxd4 8.
cxd4 e6 9. d5 Ne5 10. Nc3 Be7 11. Bf4 Ng6 12. Be3 O-O 13. Qb3 e5 14. Nd2 Ng4
15. Nc4 f5 16. f3 Nxe3 17. Nxe3 f4 18. Nc4 Bd8 19. Rac1 Rb8 20. a4 Rc8 21. Nb5
Rxc4 22. Qxc4 Bb6+ 23. Kh1 Rf6 24. Qc8+ Nf8 25. b4 Qf7 26. a5 Be3 27. Rc7 Qh5
28. Rxb7 Rh6 29. h3 Qg5 30. Qg4 Qd8 1-0

[Event "38. Open Ciudad de San Sebastián"]
[Site "San Sebastián ESP"]
[Date "2015.03.30"]
[Round "4.38"]
[White "Llano Olabarrieta, Joseba"]
[Black "Saenz Zabala, Juan Ignacio"]
[Result "1-0"]
[WhiteElo "1958"]
[BlackElo "1788"]
[PlyCount "71"]
[EventDate "2015.03.28"]
[EventType "swiss"]
[EventRounds "9"]
[EventCountry "ESP"]
[Source "lmi"]
[SourceDate "2015.03.28"]

1. e4 e5 2. Nf3 Nc6 3. Bb5 Bc5 4. c3 f5 5. d3 Nge7 6. b4 Bb6 7. Bc4 d5 8. exd5
Nxd5 9. Qb3 Be6 10. O-O Qd6 11. a4 a5 12. b5 Nce7 13. Ba3 Bc5 14. Bxc5 Qxc5 15.
Nxe5 O-O-O 16. d4 Qd6 17. Nd2 Ng6 18. Rae1 Rhe8 19. Ndf3 Nxe5 20. Rxe5 Nf4 21.
Bxe6+ Rxe6 22. Rxe6 Nxe6 23. Re1 Nf4 24. Ne5 Re8 25. Qf7 Qe6 26. Qxe6+ Rxe6 27.
Re3 Nd5 28. Rf3 g6 29. Kf1 Nb6 30. c4 Nxa4 31. Ra3 Nb6 32. Rxa5 c6 33. c5 Nd7
34. Ra8+ Nb8 35. b6 g5 36. Nc4 1-0

[Event "38. Open Ciudad de San Sebastián"]
[Site "San Sebastián ESP"]
[Date "2015.03.30"]
[Round "4.39"]
[White "Manterola Ubillos, Josu"]
[Black "Martinez Fernandez, Adrian"]
[Result "0-1"]
[WhiteElo "1552"]
[BlackElo "1947"]
[PlyCount "96"]
[EventDate "2015.03.28"]
[EventType "swiss"]
[EventRounds "9"]
[EventCountry "ESP"]
[Source "lmi"]
[SourceDate "2015.03.28"]

1. e4 c5 2. c3 d6 3. d4 Nf6 4. Bd3 Nc6 5. Ne2 g6 6. Be3 cxd4 7. cxd4 Bg7 8. O-O
O-O 9. Nbc3 Nb4 10. Bc4 a6 11. a3 Nc6 12. Ba2 Bd7 13. d5 Na7 14. Nd4 Ng4 15.
Bf4 Qb6 16. Nb3 Nb5 17. Na4 Qd8 18. f3 Ne5 19. Be3 Nc4 20. Bd4 Nxd4 21. Nxd4
Ne3 22. Qd3 Nxf1 23. Nc3 Qb6 24. Rd1 Bxd4+ 25. Qxd4 Qxd4+ 26. Rxd4 Ne3 27. Kf2
Nc2 28. Rd2 Na1 29. Rd1 Nc2 30. Bb3 Nxa3 31. bxa3 Rac8 32. Rc1 Rc5 33. Ke3 Rfc8
34. Kd2 b5 35. Na2 e5 36. Rc3 Kf8 37. g3 f5 38. Bc2 Ke7 39. Rxc5 Rxc5 40. Nb4
a5 41. Nd3 Rc8 42. Nf2 Kf6 43. f4 g5 44. fxe5+ Kxe5 45. Bd3 f4 46. gxf4+ gxf4
47. h3 Rg8 48. Ke2 Rg3 0-1

[Event "38. Open Ciudad de San Sebastián"]
[Site "San Sebastián ESP"]
[Date "2015.03.30"]
[Round "4.40"]
[White "Alkhaldi, Bader"]
[Black "Lazkano Gaite, Tomas"]
[Result "1-0"]
[WhiteElo "1942"]
[BlackElo "1708"]
[PlyCount "73"]
[EventDate "2015.03.28"]
[EventType "swiss"]
[EventRounds "9"]
[EventCountry "ESP"]
[Source "lmi"]
[SourceDate "2015.03.28"]

1. d4 Nf6 2. c4 g6 3. Nc3 Bg7 4. e4 d6 5. f3 O-O 6. Be3 Nc6 7. Qd2 e5 8. Nge2
Nh5 9. d5 Ne7 10. g4 Nf4 11. Nxf4 exf4 12. Bxf4 c6 13. dxc6 Nxc6 14. Qxd6 Qa5
15. Bd2 Nd4 16. Kf2 Rd8 17. Qf4 Nb3 18. Rd1 Bd4+ 19. Kg2 Nxd2 20. Rxd2 h5 21.
Nd5 Qc5 22. b4 Be3 23. bxc5 Bxf4 24. Nf6+ Kg7 25. Nxh5+ gxh5 26. Rxd8 Be3 27.
Be2 Bxc5 28. Rhd1 b6 29. g5 Be7 30. Re8 Bh3+ 31. Kxh3 Rxe8 32. f4 Kg6 33. Kg3
f6 34. h4 Bc5 35. f5+ Kg7 36. Rd7+ Kf8 37. Kf4 1-0

[Event "38. Open Ciudad de San Sebastián"]
[Site "San Sebastián ESP"]
[Date "2015.03.30"]
[Round "4.42"]
[White "Feijoo Rubio, Jose Jorge"]
[Black "Carrascal Rosal, Alberto"]
[Result "0-1"]
[WhiteElo "1546"]
[BlackElo "1884"]
[PlyCount "84"]
[EventDate "2015.03.28"]
[EventType "swiss"]
[EventRounds "9"]
[EventCountry "ESP"]
[Source "lmi"]
[SourceDate "2015.03.28"]

1. d4 Nf6 2. c4 e6 3. Nc3 Bb4 4. Bd2 d5 5. cxd5 exd5 6. Qc2 O-O 7. f3 Nc6 8. e3
Re8 9. a3 Nxd4 10. Qd1 Bxc3 11. bxc3 Nf5 12. Qc1 c5 13. Bd3 Nxe3 14. Bxe3 d4
15. cxd4 cxd4 16. Ne2 dxe3 17. Qc2 Qa5+ 18. Qc3 Qxc3+ 19. Nxc3 Bd7 20. O-O Bc6
21. Bb5 Rac8 22. Rac1 a6 23. Be2 Rcd8 24. Rfd1 Nd5 25. Ne4 Nf4 26. Kf1 Rxd1+
27. Rxd1 Nxe2 28. Kxe2 Bb5+ 29. Ke1 Bc6 30. Ke2 f5 31. Nd6 Re5 32. g3 g5 33. f4
gxf4 34. gxf4 Ra5 35. Kxe3 Rxa3+ 36. Kd4 Ra5 37. Rg1+ Kf8 38. Nc4 Ra4 39. Kc5
Be4 40. Nb6 Ra2 41. Nd7+ Kf7 42. Rg7+ Kxg7 0-1

[Event "38. Open Ciudad de San Sebastián"]
[Site "San Sebastián ESP"]
[Date "2015.03.30"]
[Round "4.43"]
[White "Rodriguez Cabrera, Fco. Javier"]
[Black "Ruiz Egana, Xabier"]
[Result "1/2-1/2"]
[WhiteElo "1869"]
[BlackElo "1686"]
[PlyCount "46"]
[EventDate "2015.03.28"]
[EventType "swiss"]
[EventRounds "9"]
[EventCountry "ESP"]
[Source "lmi"]
[SourceDate "2015.03.28"]

1. e4 c5 2. Nf3 d6 3. d4 cxd4 4. Nxd4 Nc6 5. c4 Nf6 6. Nc3 e5 7. Nxc6 bxc6 8.
g3 Be6 9. Qa4 Qd7 10. Bg2 Rc8 11. O-O Be7 12. f4 Bh3 13. Rd1 Bxg2 14. Kxg2 Qb7
15. b4 O-O 16. Rb1 Nd7 17. Qc2 a6 18. f5 Nf6 19. Bg5 Rfd8 20. Qe2 h6 21. Be3 d5
22. Bc5 Nxe4 23. Nxe4 dxe4 1/2-1/2

[Event "38. Open Ciudad de San Sebastián"]
[Site "San Sebastián ESP"]
[Date "2015.03.31"]
[Round "5.1"]
[White "Vazquez Igarza, Renier"]
[Black "Libiszewski, Fabien"]
[Result "1/2-1/2"]
[WhiteElo "2596"]
[BlackElo "2514"]
[PlyCount "59"]
[EventDate "2015.03.28"]
[EventType "swiss"]
[EventRounds "9"]
[EventCountry "ESP"]
[Source "lmi"]
[SourceDate "2015.03.28"]

1. Nf3 Nf6 2. d4 g6 3. g3 Bg7 4. Bg2 O-O 5. c4 c6 6. O-O d5 7. cxd5 cxd5 8. Ne5
Ng4 9. Nf3 Nf6 10. Nc3 Ne4 11. Ne5 Nxc3 12. bxc3 Nc6 13. Nxc6 bxc6 14. e4 e6
15. Bf4 Ba6 16. Re1 Qa5 17. Bd6 Rfd8 18. Bb4 Qc7 19. Qa4 Bb5 20. Qa3 Bf8 21.
Bxf8 Rxf8 22. h4 h5 23. Qc1 Bd3 24. Qg5 Qd8 25. Qe3 Bc4 26. Bf3 Qf6 27. Be2
Bxe2 28. Qxe2 Rfb8 29. Rab1 Rb6 30. Rb3 1/2-1/2

[Event "38. Open Ciudad de San Sebastián"]
[Site "San Sebastián ESP"]
[Date "2015.03.31"]
[Round "5.2"]
[White "Tratar, Marko"]
[Black "Epishin, Vladimir"]
[Result "1/2-1/2"]
[WhiteElo "2475"]
[BlackElo "2563"]
[PlyCount "56"]
[EventDate "2015.03.28"]
[EventType "swiss"]
[EventRounds "9"]
[EventCountry "ESP"]
[Source "lmi"]
[SourceDate "2015.03.28"]

1. Nf3 d5 2. d4 Nd7 3. Bf4 Ngf6 4. e3 e6 5. Nbd2 Be7 6. h3 b6 7. Bb5 a6 8. Ne5
O-O 9. Nc6 Qe8 10. Nxe7+ Qxe7 11. Be2 c5 12. c3 a5 13. a4 Ba6 14. Bxa6 Rxa6 15.
O-O Raa8 16. Nf3 Rac8 17. Ne5 Ne4 18. f3 Nd6 19. Nxd7 Qxd7 20. Bxd6 Qxd6 21.
Qd3 g6 22. Rfe1 Rfd8 23. Qb5 Kg7 24. Rad1 Qc7 25. Re2 Rd6 26. Kh1 Qe7 27. Kg1
Qc7 28. Kh1 Rcd8 1/2-1/2

[Event "38. Open Ciudad de San Sebastián"]
[Site "San Sebastián ESP"]
[Date "2015.03.31"]
[Round "5.3"]
[White "Galego, Luis"]
[Black "Oratovsky, Michael"]
[Result "1/2-1/2"]
[WhiteElo "2461"]
[BlackElo "2486"]
[PlyCount "20"]
[EventDate "2015.03.28"]
[EventType "swiss"]
[EventRounds "9"]
[EventCountry "ESP"]
[Source "lmi"]
[SourceDate "2015.03.28"]

1. d4 d5 2. Nf3 Nf6 3. c4 c6 4. cxd5 cxd5 5. Nc3 Nc6 6. Bf4 a6 7. e3 Bg4 8. Be2
e6 9. O-O Be7 10. Rc1 O-O 1/2-1/2

[Event "38. Open Ciudad de San Sebastián"]
[Site "San Sebastián ESP"]
[Date "2015.03.31"]
[Round "5.4"]
[White "Sanchez Botella, Luis Javier"]
[Black "Aranaz Murillo, Amalia"]
[Result "1-0"]
[WhiteElo "2259"]
[BlackElo "2319"]
[PlyCount "161"]
[EventDate "2015.03.28"]
[EventType "swiss"]
[EventRounds "9"]
[EventCountry "ESP"]
[Source "lmi"]
[SourceDate "2015.03.28"]

1. d4 e6 2. Nf3 Nf6 3. c4 b6 4. g3 Bb7 5. Bg2 Be7 6. O-O O-O 7. Re1 Na6 8. Ne5
d5 9. cxd5 exd5 10. Nc3 c5 11. Bg5 h6 12. Bf4 Ne4 13. dxc5 Naxc5 14. Rc1 Bf6
15. Nxe4 Nxe4 16. Nd3 Rc8 17. Qa4 a5 18. Bh3 Nc5 19. Nxc5 Rxc5 20. Rxc5 bxc5
21. Qb5 Qe7 22. Qb6 Bc8 23. Bd6 Qd8 24. Bc7 Qe7 25. Bd6 Qd8 26. Bc7 Qe7 27. Bg2
Re8 28. Bxd5 Bxb2 29. Qxa5 Bh3 30. e3 Rc8 31. Rb1 Be5 32. Bxe5 Qxe5 33. e4 Qf6
34. Qa3 c4 35. Qe3 c3 36. Rc1 Qa6 37. f3 Be6 38. Rxc3 Rxc3 39. Qxc3 Bxd5 40.
exd5 Qa7+ 41. Kh1 Qf2 42. Qc8+ Kh7 43. Qf5+ Kg8 44. Qc8+ Kh7 45. Qf5+ Kg8 46.
Qd3 Qxa2 47. d6 Qa1+ 48. Kg2 Qa2+ 49. Kg1 Qa1+ 50. Kg2 Qa2+ 51. Kh3 Qe6+ 52. g4
Qd7 53. Qd5 h5 54. Qa8+ Kh7 55. Qe4+ Kg8 56. Qa8+ Kh7 57. Qd5 hxg4+ 58. fxg4
Kg8 59. Kg3 g6 60. h3 Kh7 61. h4 f5 62. gxf5 gxf5 63. Kf4 Kh6 64. Qe5 Qa4+ 65.
Kxf5 Qc2+ 66. Ke6 Qb3+ 67. Ke7 Qb4 68. Qf6+ Kh7 69. Qf5+ Kh6 70. Qg5+ Kh7 71.
Qh5+ Kg7 72. Qe5+ Kh7 73. h5 Kh6 74. Qd5 Kg7 75. Qg5+ Kh7 76. Qg6+ Kh8 77. Qf6+
Kh7 78. Ke8 Qb8+ 79. Qd8 Qb3 80. Qe7+ Kh6 81. Qf6+ 1-0

[Event "38. Open Ciudad de San Sebastián"]
[Site "San Sebastián ESP"]
[Date "2015.03.31"]
[Round "5.5"]
[White "Sadusea, Johnny"]
[Black "Hernandez, Elvis"]
[Result "0-1"]
[WhiteElo "2071"]
[BlackElo "2308"]
[PlyCount "68"]
[EventDate "2015.03.28"]
[EventType "swiss"]
[EventRounds "9"]
[EventCountry "ESP"]
[Source "lmi"]
[SourceDate "2015.03.28"]

1. e4 e6 2. d4 d5 3. exd5 exd5 4. Bd3 Nc6 5. c3 Bd6 6. Nf3 Bg4 7. O-O Nge7 8.
Nbd2 Qd7 9. Re1 O-O-O 10. Qc2 Ng6 11. h3 Be6 12. Ng5 Nf4 13. Nxe6 fxe6 14. Nf3
Rdf8 15. Bxf4 Rxf4 16. Bb5 g5 17. Qe2 Re4 18. Qd3 g4 19. Ng5 Rf4 20. Nxe6 Rf6
21. Bxc6 bxc6 22. Nc5 Bxc5 23. dxc5 gxh3 24. g3 Rhf8 25. Re2 Kb7 26. Rae1 Qg4
27. Rf1 Rf3 28. Qd1 h5 29. Kh1 h4 30. Rg1 hxg3 31. fxg3 Rxg3 32. Rxg3 Qxg3 33.
Qe1 Qf3+ 34. Kh2 Rg8 0-1

[Event "38. Open Ciudad de San Sebastián"]
[Site "San Sebastián ESP"]
[Date "2015.03.31"]
[Round "5.6"]
[White "Chabanon, Jean-luc"]
[Black "Prosviriakov, Vladimir"]
[Result "1-0"]
[WhiteElo "2491"]
[BlackElo "2227"]
[PlyCount "83"]
[EventDate "2015.03.28"]
[EventType "swiss"]
[EventRounds "9"]
[EventCountry "ESP"]
[Source "lmi"]
[SourceDate "2015.03.28"]

1. d4 e6 2. c4 Bb4+ 3. Bd2 Bxd2+ 4. Qxd2 Nf6 5. Nf3 d5 6. g3 O-O 7. Bg2 c6 8.
O-O Nbd7 9. Rc1 b6 10. cxd5 cxd5 11. Qe3 Ba6 12. Nbd2 Qe7 13. h3 Rfc8 14. Ne5
Nxe5 15. dxe5 Nd7 16. Nb3 Qb4 17. f4 Bc4 18. Nd4 Qe7 19. a3 Nc5 20. b3 Ba6 21.
b4 Ne4 22. Bxe4 dxe4 23. Qxe4 Bb7 24. Qe3 Qd7 25. Nf3 Rxc1+ 26. Rxc1 Rd8 27.
Kf2 h6 28. h4 h5 29. Rc3 Bd5 30. Ng5 Qb7 31. Qd3 Re8 32. Qh7+ Kf8 33. Qh8+ Ke7
34. Qxg7 Rf8 35. Nh7 Rd8 36. Qg5+ Ke8 37. Rd3 Rc8 38. Nf6+ Kf8 39. Qh6+ Ke7 40.
Nxd5+ exd5 41. Qd6+ Ke8 42. Qxd5 1-0

[Event "38. Open Ciudad de San Sebastián"]
[Site "San Sebastián ESP"]
[Date "2015.03.31"]
[Round "5.7"]
[White "Andres Gonzalez, Alberto"]
[Black "Cao Armillas, Jesus"]
[Result "1-0"]
[WhiteElo "2515"]
[BlackElo "2113"]
[PlyCount "81"]
[EventDate "2015.03.28"]
[EventType "swiss"]
[EventRounds "9"]
[EventCountry "ESP"]
[Source "lmi"]
[SourceDate "2015.03.28"]

1. Nf3 Nf6 2. c4 g6 3. g3 Bg7 4. Bg2 O-O 5. O-O d5 6. cxd5 Nxd5 7. Nc3 Nc6 8.
Qb3 Nb6 9. d3 Be6 10. Qc2 Qc8 11. Be3 Bh3 12. a3 Bxg2 13. Kxg2 Qf5 14. Ne4 Qd5
15. Rac1 Rfd8 16. Rfd1 e5 17. Bg5 Re8 18. Nc5 Nd4 19. e4 Qc6 20. Nxd4 exd4 21.
Qd2 Nd7 22. b4 Rab8 23. Bf4 Be5 24. Nb3 Qd6 25. Rc4 Qb6 26. Bxe5 Nxe5 27. Rxd4
a5 28. Nc5 axb4 29. axb4 Nc6 30. Rd5 Ne7 31. Rd7 Qc6 32. Qg5 Nf5 33. Rd5 Ne7
34. Rd4 f6 35. Qd2 b6 36. Qa2+ Kh8 37. Nb3 Ra8 38. Qb2 Kg7 39. Rc1 Qb7 40. Rd7
Rac8 41. Nd4 1-0

[Event "38. Open Ciudad de San Sebastián"]
[Site "San Sebastián ESP"]
[Date "2015.03.31"]
[Round "5.8"]
[White "Pap, Misa"]
[Black "Buiza Prieto, Eihartze"]
[Result "1-0"]
[WhiteElo "2459"]
[BlackElo "2107"]
[PlyCount "49"]
[EventDate "2015.03.28"]
[EventType "swiss"]
[EventRounds "9"]
[EventCountry "ESP"]
[Source "lmi"]
[SourceDate "2015.03.28"]

1. e4 c5 2. c3 Nf6 3. e5 Nd5 4. Nf3 Nc6 5. Bc4 Nb6 6. Bb3 e6 7. d4 cxd4 8. cxd4
d6 9. Qe2 dxe5 10. dxe5 Be7 11. O-O O-O 12. Nc3 a6 13. Qe4 Nd7 14. Bc2 g6 15.
Bh6 Re8 16. Rfe1 Qc7 17. Qf4 b5 18. Bb3 Nc5 19. Ng5 f6 20. Nd5 exd5 21. Bxd5+
Kh8 22. Nf7+ Kg8 23. Ng5+ Kh8 24. exf6 Qxf4 25. Bg7# 1-0

[Event "38. Open Ciudad de San Sebastián"]
[Site "San Sebastián ESP"]
[Date "2015.03.31"]
[Round "5.9"]
[White "Al-hajiri, Bader"]
[Black "Espinosa Aranda, Angel"]
[Result "1/2-1/2"]
[WhiteElo "2115"]
[BlackElo "2408"]
[PlyCount "70"]
[EventDate "2015.03.28"]
[EventType "swiss"]
[EventRounds "9"]
[EventCountry "ESP"]
[Source "lmi"]
[SourceDate "2015.03.28"]

1. e4 c5 2. Nf3 Nc6 3. d4 cxd4 4. Nxd4 g6 5. Nc3 Bg7 6. Be3 Nf6 7. Nxc6 bxc6 8.
e5 Ng8 9. f4 Nh6 10. Qd2 O-O 11. O-O-O d6 12. h3 Nf5 13. Bf2 c5 14. Bc4 Bb7 15.
Bd5 Bxd5 16. Qxd5 Qb6 17. g4 Nd4 18. Bxd4 cxd4 19. Qxd4 dxe5 20. fxe5 Qxd4 21.
Rxd4 Bxe5 22. Rd3 Rfd8 23. Rhd1 Bf4+ 24. Kb1 Rxd3 25. Rxd3 e6 26. Rd7 f5 27.
Re7 Bg5 28. Rxe6 f4 29. Re1 Rd8 30. Rf1 Rd4 31. b3 a6 32. h4 Bxh4 33. Ne2 Re4
34. Nxf4 Bg5 35. Nd3 Rxg4 1/2-1/2

[Event "38. Open Ciudad de San Sebastián"]
[Site "San Sebastián ESP"]
[Date "2015.03.31"]
[Round "5.10"]
[White "Andres Gonzalez, Ivan"]
[Black "Arvidsson, Jonas"]
[Result "1/2-1/2"]
[WhiteElo "2360"]
[BlackElo "1926"]
[PlyCount "41"]
[EventDate "2015.03.28"]
[EventType "swiss"]
[EventRounds "9"]
[EventCountry "ESP"]
[Source "lmi"]
[SourceDate "2015.03.28"]

1. e4 e5 2. Nf3 Nc6 3. d4 exd4 4. Bc4 Bc5 5. c3 Nf6 6. cxd4 Bb4+ 7. Nc3 Nxe4 8.
O-O Bxc3 9. d5 Bf6 10. Re1 Ne7 11. Rxe4 d6 12. Bg5 Bxg5 13. Nxg5 h6 14. Qe2
hxg5 15. Re1 Be6 16. dxe6 f6 17. Re3 c6 18. Rh3 Rxh3 19. gxh3 g6 20. b4 Kf8 21.
Bb3 1/2-1/2

[Event "38. Open Ciudad de San Sebastián"]
[Site "San Sebastián ESP"]
[Date "2015.03.31"]
[Round "5.11"]
[White "Vinal Gutierrez, Pedro"]
[Black "Boricsev, Oleg"]
[Result "1/2-1/2"]
[WhiteElo "2100"]
[BlackElo "2356"]
[PlyCount "42"]
[EventDate "2015.03.28"]
[EventType "swiss"]
[EventRounds "9"]
[EventCountry "ESP"]
[Source "lmi"]
[SourceDate "2015.03.28"]

1. d4 d5 2. Bf4 e6 3. e3 Bd6 4. Bd3 Bxf4 5. exf4 Qd6 6. Qd2 b6 7. Nf3 Ba6 8. g3
Nf6 9. O-O Ne4 10. Qe2 Bxd3 11. cxd3 Nf6 12. Nc3 O-O 13. Rac1 a6 14. Rc2 Nbd7
15. Rfc1 c5 16. dxc5 Nxc5 17. b4 Ncd7 18. a3 Rac8 19. Nxd5 Rxc2 20. Nxf6+ Nxf6
21. Rxc2 h6 1/2-1/2

[Event "38. Open Ciudad de San Sebastián"]
[Site "San Sebastián ESP"]
[Date "2015.03.31"]
[Round "5.12"]
[White "Cruz Lledo, Pablo"]
[Black "Troffiguer, Olivier"]
[Result "1-0"]
[WhiteElo "2284"]
[BlackElo "2092"]
[PlyCount "105"]
[EventDate "2015.03.28"]
[EventType "swiss"]
[EventRounds "9"]
[EventCountry "ESP"]
[Source "lmi"]
[SourceDate "2015.03.28"]

1. d4 Nf6 2. c4 e6 3. Nc3 Bb4 4. Qc2 c5 5. dxc5 Na6 6. a3 Bxc3+ 7. Qxc3 Nxc5 8.
b4 Nce4 9. Qb2 d5 10. c5 d4 11. e3 d3 12. f3 d2+ 13. Bxd2 Qxd2+ 14. Qxd2 Nxd2
15. Kxd2 Ke7 16. Bc4 Rd8+ 17. Kc3 Bd7 18. Ne2 b6 19. cxb6 axb6 20. Bb3 b5 21.
Rhd1 g5 22. e4 e5 23. Kb2 g4 24. Nc3 Rg8 25. Rd2 Rg5 26. Rad1 Rh5 27. Nd5+ Nxd5
28. Bxd5 Ra7 29. Rh1 gxf3 30. gxf3 Rh3 31. Rf1 Ra6 32. Bb3 Rf6 33. Bd1 Be6 34.
Rg1 Rfh6 35. Rgg2 Bd7 36. Rgf2 R3h4 37. Bc2 Be8 38. Bb3 Rf6 39. Bd1 Rfh6 40.
Rc2 Bd7 41. Rfd2 Be6 42. Be2 Rxh2 43. Bxb5 Rxd2 44. Rxd2 Rh3 45. Be2 f5 46. Bd1
fxe4 47. fxe4 h5 48. b5 h4 49. b6 Bc8 50. Bg4 Bxg4 51. b7 Rg3 52. b8=Q h3 53.
Qxe5+ 1-0